[Event "Campeonato España Sub 12"]
[Site "Salobreña"]
[Date "2017.07.11"]
[Round "3"]
[White "Habans Aguerrea, Javier"]
[Black "Lopez Nunez, Alonso"]
[Result "0-1"]
[Board "18"]
[WhiteClock "1:30"]
[WhiteElo "1676"]
[WhiteCountry "ESP"]
[WhiteFideId "24524689"]
[WhiteEloChange "-17"]
[BlackClock "1:30"]
[BlackElo "1388"]
[BlackCountry "ESP"]
[BlackFideId "24544213"]
[BlackEloChange "17"]

1. e4 {[%clk 1:30:00]} c5 {[%clk 1:30:00]} 2. Nf3 {[%clk 1:31:00]} Nc6 {[%clk
1:31:00]} 3. Bb5 {[%clk 1:30:00]} g6 {[%clk 1:31:00]} 4. Bxc6 {[%clk 1:30:00]}
bxc6 {[%clk 1:31:00]} 5. d3 {[%clk 1:30:00]} Bg7 {[%clk 1:32:00]} 6. O-O {[%clk
1:30:00]} Nf6 {[%clk 1:32:00]} 7. Nc3 {[%clk 1:30:00]} O-O {[%clk 1:31:00]} 8.
Be3 {[%clk 1:30:00]} d6 {[%clk 1:31:00]} 9. h3 {[%clk 1:29:00]} Rb8 {[%clk
1:30:00]} 10. Rb1 {[%clk 1:28:00]} Bd7 {[%clk 1:29:00]} 11. Qd2 {[%clk 1:28:00]}
Re8 {[%clk 1:29:00]} 12. Bh6 {[%clk 1:28:00]} Bh8 {[%clk 1:27:00]} 13. Rfe1
{[%clk 1:27:00]} Qc7 {[%clk 1:23:00]} 14. Nh2 {[%clk 1:22:00]} e5 {[%clk
1:15:00]} 15. f4 {[%clk 1:20:00]} exf4 {[%clk 1:13:00]} 16. Bxf4 {[%clk 1:19:00]}
Nh5 {[%clk 1:12:00]} 17. Ng4 {[%clk 1:17:00]} Bxg4 {[%clk 1:07:00]} 18. hxg4
{[%clk 1:17:00]} Nxf4 {[%clk 1:07:00]} 19. Qxf4 {[%clk 1:17:00]} Rxb2 {[%clk
1:04:00]} 20. Rxb2 {[%clk 1:17:00]} Bxc3 {[%clk 1:04:00]} 21. Reb1 {[%clk
1:17:00]} Bxb2 {[%clk 1:05:00]} 22. Rxb2 {[%clk 1:17:00]} Rb8 {[%clk 1:01:00]}
23. Rxb8+ {[%clk 1:15:00]} Qxb8 {[%clk 1:01:00]} 24. Kh2 {[%clk 1:15:00]} Qc7
{[%clk 0:53:00]} 25. c4 {[%clk 1:13:00]} Qe7 {[%clk 0:53:00]} 26. g3 {[%clk
1:12:00]} Qe5 {[%clk 0:52:00]} 27. Kh3 {[%clk 1:12:00]} Qa1 {[%clk 0:48:00]} 28.
Kh4 {[%clk 1:09:00]} Kg7 {[%clk 0:43:00]} 29. Qf3 {[%clk 1:01:00]} Qxa2 {[%clk
0:42:00]} 30. Kh3 {[%clk 1:02:00]} a5 {[%clk 0:39:00]} 31. g5 {[%clk 1:01:00]}
Qa1 {[%clk 0:35:00]} 32. Kh2 {[%clk 0:55:00]} Qb2+ {[%clk 0:35:00]} 33. Kh3
{[%clk 0:55:00]} a4 {[%clk 0:35:00]} 34. g4 {[%clk 0:55:00]} a3 {[%clk 0:35:00]}
35. d4 {[%clk 0:55:00]} Qxd4 {[%clk 0:33:00]} 36. Qxa3 {[%clk 0:56:00]} Qxc4
{[%clk 0:33:00]} 37. Qg3 {[%clk 0:52:00]} Qd4 {[%clk 0:33:00]} 38. Qf3 {[%clk
0:52:00]} c4 {[%clk 0:33:00]} 39. Kh4 {[%clk 0:51:00]} Qe5 {[%clk 0:32:00]} 40.
Qf2 {[%clk 0:49:00]} c3 {[%clk 0:31:00]} 41. Qc2 {[%clk 0:48:00]} h6 {[%clk
0:29:00]} 42. gxh6+ {[%clk 0:48:00]} Kxh6 {[%clk 0:30:00]} 43. Qc1+ {[%clk
0:47:00]} g5+ {[%clk 0:30:00]} 44. Kh3 {[%clk 0:47:00]} Qd4 {[%clk 0:29:00]} 45.
e5 {[%clk 0:46:00]} Qd3+ {[%clk 0:29:00]} 46. Kh2 {[%clk 0:46:00]} Qd2+ {[%clk
0:29:00]} 47. Qxd2 {[%clk 0:46:00]} cxd2 {[%clk 0:30:00]} 48. exd6 {[%clk
0:47:00]} d1Q {[%clk 0:30:00]} 49. d7 {[%clk 0:47:00]} Qxd7 {[%clk 0:30:00]} 50.
Kg3 {[%clk 0:47:00]} Qd3+ {[%clk 0:31:00]} 51. Kf2 {[%clk 0:47:00]} c5 {[%clk
0:31:00]} 52. Kg2 {[%clk 0:48:00]} c4 {[%clk 0:31:00]} 53. Kf2 {[%clk 0:48:00]}
c3 {[%clk 0:32:00]} 54. Kg2 {[%clk 0:48:00]} c2 {[%clk 0:32:00]} 55. Kf2 {[%clk
0:49:00]} c1Q {[%clk 0:33:00]} 56. Kg2 {[%clk 0:49:00]} Qcf1+ {[%clk 0:33:00]}
57. Kh2 {[%clk 0:49:00]} Qdh3# {[%clk 0:33:00]} 0-1

[Event "Campeonato España Sub 12"]
[Site "Salobreña"]
[Date "2017.07.11"]
[Round "3"]
[White "Bagur Bosch, Maria"]
[Black "Llena Velarde, David"]
[Result "1-0"]
[Board "19"]
[WhiteClock "1:30"]
[WhiteElo "1498"]
[WhiteCountry "ESP"]
[WhiteFideId "24554022"]
[WhiteEloChange "14"]
[BlackClock "1:30"]
[BlackElo "1642"]
[BlackCountry "ESP"]
[BlackFideId "32092024"]
[BlackEloChange "-14"]

1. e4 {[%clk 1:30:00]} e5 {[%clk 1:30:00]} 2. Nf3 {[%clk 1:31:00]} Nc6 {[%clk
1:31:00]} 3. Bb5 {[%clk 1:31:00]} a6 {[%clk 1:30:00]} 4. Bxc6 {[%clk 1:32:00]}
dxc6 {[%clk 1:31:00]} 5. O-O {[%clk 1:32:00]} Bg4 {[%clk 1:28:00]} 6. h3 {[%clk
1:33:00]} h5 {[%clk 1:27:00]} 7. d3 {[%clk 1:33:00]} Qf6 {[%clk 1:16:00]} 8. Nbd2
{[%clk 1:33:00]} Bc5 {[%clk 1:16:00]} 9. c3 {[%clk 1:18:00]} Ne7 {[%clk 1:12:00]}
10. hxg4 {[%clk 0:38:00]} hxg4 {[%clk 1:11:00]} 11. g3 {[%clk 0:38:00]} g5 {[%clk
0:47:00]} 12. Kg2 {[%clk 0:31:00]} gxf3+ {[%clk 0:46:00]} 13. Nxf3 {[%clk
0:31:00]} g4 {[%clk 0:31:00]} 14. Nh4 {[%clk 0:27:00]} Rxh4 {[%clk 0:30:00]} 15.
Be3 {[%clk 0:17:59]} Qf3+ {[%clk 0:18:02]} 16. Qxf3 {[%clk 0:18:09]} gxf3+ {[%clk
0:18:31]} 17. Kxf3 {[%clk 0:18:38]} Bxe3 {[%clk 0:18:59]} 18. gxh4 {[%clk
0:17:22]} Bf4 {[%clk 0:19:23]} 19. d4 {[%clk 0:15:28]} f6 {[%clk 0:19:43]} 20.
Rg1 {[%clk 0:15:03]} O-O-O {[%clk 0:19:36]} 21. Rg7 {[%clk 0:13:12]} Ng8 {[%clk
0:18:26]} 22. Rd1 {[%clk 0:12:43]} Nh6 {[%clk 0:18:37]} 23. Rdg1 {[%clk 0:08:48]}
Rd7 {[%clk 0:18:50]} 24. Rxd7 {[%clk 0:08:08]} Kxd7 {[%clk 0:19:14]} 25. Rg7+
{[%clk 0:08:30]} Kd6 {[%clk 0:19:38]} 26. h5 {[%clk 0:06:46]} Bg5 {[%clk
0:19:25]} 27. dxe5+ {[%clk 0:06:33]} Kxe5 {[%clk 0:18:57]} 28. Rxc7 {[%clk
0:06:14]} f5 {[%clk 0:18:18]} 29. exf5 {[%clk 0:05:52]} Nxf5 {[%clk 0:17:31]} 30.
Rxb7 {[%clk 0:05:21]} Bc1 {[%clk 0:16:39]} 31. Rb6 {[%clk 0:04:24]} a5 {[%clk
0:16:44]} 32. b3 {[%clk 0:04:23]} Bb2 {[%clk 0:16:17]} 33. Rxc6 {[%clk 0:03:47]}
Kd5 {[%clk 0:16:30]} 34. Rc8 {[%clk 0:03:31]} Ke5 {[%clk 0:15:02]} 35. Kg4 {[%clk
0:02:52]} Nh6+ {[%clk 0:15:16]} 36. Kg5 {[%clk 0:02:44]} Nf7+ {[%clk 0:15:23]}
37. Kg6 {[%clk 0:03:01]} Nd6 {[%clk 0:15:37]} 38. Rc5+ {[%clk 0:03:00]} Ke6
{[%clk 0:16:03]} 39. h6 {[%clk 0:15:43]} Ne4 {[%clk 0:02:23]} 40. Rxa5 {[%clk
0:15:43]} Bxc3 {[%clk 0:02:23]} 41. Ra6+ {[%clk 0:15:43]} Ke7 {[%clk 0:02:23]}
42. Ra7+ {[%clk 0:15:43]} Ke6 {[%clk 0:02:23]} 43. h7 {[%clk 0:15:43]} Nd6 {[%clk
0:02:23]} 44. Ra6 {[%clk 0:15:43]} Ke7 {[%clk 0:02:23]} 45. f4 {[%clk 0:15:43]}
Ne8 {[%clk 0:02:23]} 46. Ra7+ {[%clk 0:15:43]} Ke6 {[%clk 0:02:23]} 47. f5+
{[%clk 0:15:43]} Kd5 {[%clk 0:02:23]} 48. Ra8 {[%clk 0:15:43]} Nd6 {[%clk
0:02:23]} 49. h8Q {[%clk 0:15:43]} Bxh8 {[%clk 0:02:23]} 50. Rxh8 {[%clk
0:15:43]} Ke5 {[%clk 0:02:23]} 51. a4 {[%clk 0:15:43]} Kd5 {[%clk 0:02:23]} 52.
Rd8 {[%clk 0:15:43]} Ke5 {[%clk 0:02:23]} 53. a5 {[%clk 0:15:43]} Nb7 {[%clk
0:02:23]} 54. Ra8 {[%clk 0:15:43]} Nc5 {[%clk 0:02:23]} 55. a6 {[%clk 0:15:43]}
Kd5 {[%clk 0:02:23]} 56. f6 {[%clk 0:15:43]} Kc6 {[%clk 0:02:23]} 57. Rc8+ {[%clk
0:15:43]} Kb6 {[%clk 0:02:23]} 58. Rxc5 {[%clk 0:15:43]} Ka7 {[%clk 0:02:23]} 59.
f7 {[%clk 0:15:43]} Kb6 {[%clk 0:02:23]} 60. f8Q {[%clk 0:15:43]} Ka7 {[%clk
0:02:23]} 61. Qd6 {[%clk 0:15:43]} Ka8 {[%clk 0:02:23]} 62. Rc8+ {[%clk 0:15:43]}
Ka7 {[%clk 0:02:23]} 63. Rc7+ {[%clk 0:15:43]} Kb8 {[%clk 0:02:23]} 64. Qd8#
{[%clk 0:15:43]} 1-0

[Event "Campeonato España Sub 12"]
[Site "Salobreña"]
[Date "2017.07.11"]
[Round "3"]
[White "Casares Bonals, Ainhoa"]
[Black "Roca Planas, Edgar"]
[Result "1/2-1/2"]
[Board "20"]
[WhiteClock "1:30"]
[WhiteElo "1421"]
[WhiteCountry "ESP"]
[WhiteFideId "24561304"]
[WhiteEloChange "4"]
[BlackClock "1:30"]
[BlackElo "1578"]
[BlackCountry "ESP"]
[BlackFideId "24561290"]
[BlackEloChange "-4"]

1. e4 {[%clk 1:30:00]} d5 {[%clk 1:30:00]} 2. exd5 {[%clk 1:31:00]} Qxd5 {[%clk
1:31:00]} 3. Nc3 {[%clk 1:31:00]} Qd8 {[%clk 1:31:00]} 4. d4 {[%clk 1:31:00]} Nf6
{[%clk 1:31:00]} 5. Nf3 {[%clk 1:30:00]} Bg4 {[%clk 1:32:00]} 6. g3 {[%clk
1:29:00]} c6 {[%clk 1:31:00]} 7. Bg2 {[%clk 1:28:00]} e6 {[%clk 1:30:00]} 8. O-O
{[%clk 1:27:00]} Be7 {[%clk 1:30:00]} 9. Re1 {[%clk 1:25:00]} O-O {[%clk
1:29:00]} 10. Qd3 {[%clk 1:20:00]} Bf5 {[%clk 1:26:00]} 11. Qd2 {[%clk 1:19:00]}
h6 {[%clk 1:25:00]} 12. Ne5 {[%clk 1:16:00]} Nbd7 {[%clk 1:19:00]} 13. Qe2 {[%clk
1:10:00]} Nb6 {[%clk 1:15:00]} 14. b3 {[%clk 1:02:00]} Bb4 {[%clk 1:12:00]} 15.
Bb2 {[%clk 1:01:00]} Nbd5 {[%clk 1:09:00]} 16. Nxd5 {[%clk 1:00:00]} Nxd5 {[%clk
1:09:00]} 17. Rf1 {[%clk 0:57:00]} Bc3 {[%clk 0:53:00]} 18. Bxc3 {[%clk 0:53:00]}
Nxc3 {[%clk 0:53:00]} 19. Qe3 {[%clk 0:51:00]} Nd5 {[%clk 0:50:00]} 20. Qd2
{[%clk 0:48:00]} a5 {[%clk 0:49:00]} 21. c3 {[%clk 0:45:00]} Qd6 {[%clk 0:44:00]}
22. Rae1 {[%clk 0:40:00]} Rfd8 {[%clk 0:40:00]} 23. Nc4 {[%clk 0:38:00]} Qc7
{[%clk 0:39:00]} 24. Rc1 {[%clk 0:30:00]} Bg6 {[%clk 0:26:00]} 25. Rfe1 {[%clk
0:27:00]} c5 {[%clk 0:20:00]} 26. dxc5 {[%clk 0:23:00]} Nb4 {[%clk 0:17:38]} 27.
Qe3 {[%clk 0:17:52]} Nd3 {[%clk 0:14:12]} 28. Rcd1 {[%clk 0:15:15]} Nxe1 {[%clk
0:14:17]} 29. Rxe1 {[%clk 0:15:00]} Rd3 {[%clk 0:11:46]} 30. Qc1 {[%clk 0:13:25]}
Qxc5 {[%clk 0:09:55]} 31. Bxb7 {[%clk 0:12:10]} Rb8 {[%clk 0:09:45]} 32. Bg2
{[%clk 0:11:04]} Rbd8 {[%clk 0:09:02]} 33. Bf1 {[%clk 0:10:15]} Rf3 {[%clk
0:07:45]} 34. Qb2 {[%clk 0:09:24]} Rf5 {[%clk 0:05:11]} 35. Bh3 {[%clk 0:08:00]}
Rfd5 {[%clk 0:05:09]} 36. Bg2 {[%clk 0:07:35]} Rd1 {[%clk 0:04:25]} 37. Rf1
{[%clk 0:05:36]} Rxf1+ {[%clk 0:04:15]} 38. Bxf1 {[%clk 0:05:51]} Be4 {[%clk
0:04:19]} 39. Qe2 {[%clk 0:05:17]} Qd5 {[%clk 0:03:00]} 40. Ne3 {[%clk 0:04:15]}
Qa8 {[%clk 0:02:27]} 41. Qb2 {[%clk 0:03:03]} Rc8 {[%clk 0:01:47]} 42. c4 {[%clk
0:02:51]} Rd8 {[%clk 0:01:43]} 43. Qc3 {[%clk 0:02:58]} Qa7 {[%clk 0:01:38]} 44.
Qe1 {[%clk 0:02:06]} Bd3 {[%clk 0:01:38]} 1/2-1/2

[Event "Campeonato España Sub 12"]
[Site "Salobreña"]
[Date "2017.07.12"]
[Round "4"]
[White "Fernandez Estremera, Fernando"]
[Black "Fernandez Lopez, Ruben"]
[Result "0-1"]
[Board "1"]
[WhiteClock "n/a"]
[WhiteElo "1809"]
[WhiteCountry "ESP"]
[WhiteFideId "24520152"]
[WhiteEloChange "-5"]
[BlackClock "n/a"]
[BlackElo "1982"]
[BlackCountry "ESP"]
[BlackFideId "24518298"]
[BlackEloChange "5"]

1. d4 {[%clk 1:30:30]} Nf6 {[%clk 1:30:30]} 2. c4 {[%clk 1:30:30]} g6 {[%clk
1:30:30]} 3. Nc3 {[%clk 1:30:30]} d5 {[%clk 1:30:30]} 4. cxd5 {[%clk 1:30:30]}
Nxd5 {[%clk 1:30:30]} 5. e4 {[%clk 1:30:30]} Nxc3 {[%clk 1:30:30]} 6. bxc3 {[%clk
1:30:30]} Bg7 {[%clk 1:30:30]} 7. Nf3 {[%clk 1:30:30]} c5 {[%clk 1:30:30]} 8. Rb1
{[%clk 1:30:30]} O-O {[%clk 1:30:30]} 9. Be2 {[%clk 1:30:30]} cxd4 {[%clk
1:30:30]} 10. cxd4 {[%clk 1:30:30]} Qa5+ {[%clk 1:30:30]} 11. Bd2 {[%clk
1:30:30]} Qxa2 {[%clk 1:30:30]} 12. O-O {[%clk 1:30:30]} Bg4 {[%clk 1:30:30]} 13.
Be3 {[%clk 1:30:30]} Nc6 {[%clk 1:30:30]} 14. Rxb7 {[%clk 1:30:30]} e6 {[%clk
1:30:30]} 15. Rb3 {[%clk 1:30:30]} Bxf3 {[%clk 1:30:30]} 16. Bxf3 {[%clk
1:30:30]} Nxd4 {[%clk 1:30:30]} 17. Bxd4 {[%clk 1:30:30]} Bxd4 {[%clk 1:30:30]}
18. Rd3 {[%clk 1:30:30]} e5 {[%clk 1:30:30]} 19. Rd2 {[%clk 1:30:30]} Qa3 {[%clk
1:30:30]} 20. Qe2 {[%clk 1:30:30]} a5 {[%clk 1:30:30]} 21. Ra2 {[%clk 1:30:30]}
Qb3 {[%clk 1:30:30]} 22. Bg4 {[%clk 1:30:30]} Rfd8 {[%clk 1:30:30]} 23. Rc1
{[%clk 1:30:30]} a4 {[%clk 1:30:30]} 24. h4 {[%clk 1:30:30]} Qg3 {[%clk 1:30:30]}
25. Bf3 {[%clk 1:30:30]} Qxh4 {[%clk 1:30:30]} 26. Qc4 {[%clk 1:30:30]} a3 {[%clk
1:30:30]} 27. Qb3 {[%clk 1:30:30]} Rdc8 {[%clk 1:30:30]} 28. Rxc8+ {[%clk
1:30:30]} Rxc8 {[%clk 1:30:30]} 29. Qxa3 {[%clk 1:30:30]} g5 {[%clk 1:30:30]} 30.
g4 {[%clk 1:30:30]} Qg3+ {[%clk 1:30:30]} 31. Bg2 {[%clk 1:30:30]} Qf4 {[%clk
1:30:30]} 32. Qh3 {[%clk 1:30:30]} Rc3 {[%clk 1:30:30]} 33. Qh2 {[%clk 1:30:30]}
Rc1+ {[%clk 1:30:30]} 34. Bf1 {[%clk 1:30:30]} Qxg4+ {[%clk 1:30:30]} 35. Qg2
{[%clk 1:30:30]} Rxf1+ {[%clk 1:30:30]} 36. Kh2 {[%clk 1:30:30]} Qh4+ {[%clk
1:30:30]} 37. Qh3 {[%clk 1:30:30]} Rxf2+ {[%clk 1:30:30]} 38. Rxf2 {[%clk
1:30:30]} Qxf2+ {[%clk 1:30:30]} 39. Qg2 {[%clk 1:30:30]} Qxg2+ {[%clk 1:30:30]}
40. Kxg2 {[%clk 1:30:30]} Kg7 {[%clk 1:30:30]} 0-1

[Event "Campeonato España Sub 12"]
[Site "Salobreña"]
[Date "2017.07.12"]
[Round "4"]
[White "Revaliente Montoya, Ciro"]
[Black "Tadevosyan, Aspet"]
[Result "1-0"]
[Board "2"]
[WhiteClock "1:30"]
[WhiteElo "1992"]
[WhiteCountry "ESP"]
[WhiteFideId "24538442"]
[WhiteEloChange "5"]
[BlackClock "1:30"]
[BlackElo "1786"]
[BlackCountry "ESP"]
[BlackFideId "24526134"]
[BlackEloChange "-5"]

1. e4 {[%clk 1:30:00]} e6 {[%clk 1:30:00]} 2. d4 {[%clk 1:31:00]} d5 {[%clk
1:31:00]} 3. Nd2 {[%clk 1:31:00]} c5 {[%clk 1:31:00]} 4. exd5 {[%clk 1:31:00]}
Qxd5 {[%clk 1:32:00]} 5. Ngf3 {[%clk 1:31:00]} cxd4 {[%clk 1:32:00]} 6. Bc4
{[%clk 1:32:00]} Qd6 {[%clk 1:32:00]} 7. O-O {[%clk 1:32:00]} Nc6 {[%clk
1:31:00]} 8. Nb3 {[%clk 1:30:00]} Nf6 {[%clk 1:30:00]} 9. Nbxd4 {[%clk 1:30:00]}
Nxd4 {[%clk 1:30:00]} 10. Nxd4 {[%clk 1:31:00]} a6 {[%clk 1:30:00]} 11. Bg5
{[%clk 1:29:00]} Qc7 {[%clk 1:28:00]} 12. Bb3 {[%clk 1:23:00]} Bd6 {[%clk
1:26:00]} 13. h3 {[%clk 1:22:00]} Bd7 {[%clk 1:23:00]} 14. c4 {[%clk 1:17:00]}
Bc5 {[%clk 1:16:00]} 15. Be3 {[%clk 1:11:00]} e5 {[%clk 1:06:00]} 16. Qe2 {[%clk
1:09:00]} Qb6 {[%clk 0:58:00]} 17. Nc2 {[%clk 1:07:00]} O-O {[%clk 0:57:00]} 18.
Rad1 {[%clk 1:06:00]} Bf5 {[%clk 0:53:00]} 19. Bxc5 {[%clk 1:05:00]} Qxc5 {[%clk
0:54:00]} 20. Ne3 {[%clk 1:05:00]} Be6 {[%clk 0:50:00]} 21. Nd5 {[%clk 1:05:00]}
Bxd5 {[%clk 0:50:00]} 22. Qxe5 {[%clk 0:58:00]} Rfe8 {[%clk 0:46:00]} 23. Qg5
{[%clk 0:58:00]} Qd6 {[%clk 0:42:00]} 24. cxd5 {[%clk 0:58:00]} Re2 {[%clk
0:40:00]} 25. Rfe1 {[%clk 0:55:00]} Rae8 {[%clk 0:38:00]} 26. Rxe2 {[%clk
0:53:00]} Rxe2 {[%clk 0:39:00]} 27. Rc1 {[%clk 0:52:00]} h6 {[%clk 0:38:00]} 28.
Qf5 {[%clk 0:52:00]} Re8 {[%clk 0:33:00]} 29. Rc8 {[%clk 0:51:00]} g6 {[%clk
0:26:00]} 30. Rxe8+ {[%clk 0:50:00]} Nxe8 {[%clk 0:27:00]} 31. Qc8 {[%clk
0:51:00]} Qe5 {[%clk 0:25:00]} 32. d6 {[%clk 0:50:00]} Qe1+ {[%clk 0:25:00]} 33.
Kh2 {[%clk 0:50:00]} Qe5+ {[%clk 0:25:00]} 34. g3 {[%clk 0:51:00]} Qe2 {[%clk
0:24:00]} 35. Bd5 {[%clk 0:51:00]} Qxf2+ {[%clk 0:22:00]} 36. Bg2 {[%clk
0:51:00]} 1-0

[Event "Campeonato España Sub 12"]
[Site "Salobreña"]
[Date "2017.07.12"]
[Round "4"]
[White "Badillo Ramos, Steve"]
[Black "Reyes Penas, Sebastian"]
[Result "1/2-1/2"]
[Board "3"]
[WhiteClock "1:30"]
[WhiteElo "1802"]
[WhiteCountry "ESP"]
[WhiteFideId "24526150"]
[WhiteEloChange "4"]
[BlackClock "1:30"]
[BlackElo "1940"]
[BlackCountry "ESP"]
[BlackFideId "32035780"]
[BlackEloChange "-4"]

1. e4 {[%clk 1:30:00]} c5 {[%clk 1:30:00]} 2. Nf3 {[%clk 1:31:00]} e6 {[%clk
1:31:00]} 3. d4 {[%clk 1:31:00]} cxd4 {[%clk 1:31:00]} 4. Nxd4 {[%clk 1:32:00]}
a6 {[%clk 1:32:00]} 5. c4 {[%clk 1:32:00]} Nf6 {[%clk 1:32:00]} 6. Nc3 {[%clk
1:32:00]} Bb4 {[%clk 1:33:00]} 7. Qd3 {[%clk 1:33:00]} d6 {[%clk 1:32:00]} 8. Be2
{[%clk 1:32:00]} Nbd7 {[%clk 1:32:00]} 9. O-O {[%clk 1:22:00]} Nc5 {[%clk
1:29:00]} 10. Qg3 {[%clk 1:21:00]} Bxc3 {[%clk 1:28:00]} 11. bxc3 {[%clk
1:20:00]} Ncxe4 {[%clk 1:28:00]} 12. Qxg7 {[%clk 1:12:00]} Rg8 {[%clk 1:28:00]}
13. Qh6 {[%clk 1:13:00]} e5 {[%clk 1:28:00]} 14. Nc2 {[%clk 1:07:00]} Rg6 {[%clk
1:22:00]} 15. Qh4 {[%clk 1:07:00]} Nxc3 {[%clk 1:22:00]} 16. Bf3 {[%clk 1:05:00]}
e4 {[%clk 1:21:00]} 17. Re1 {[%clk 1:05:00]} Be6 {[%clk 1:21:00]} 18. Bb2 {[%clk
0:58:00]} exf3 {[%clk 1:20:00]} 19. Bxc3 {[%clk 0:55:00]} Rxg2+ {[%clk 1:20:00]}
20. Kh1 {[%clk 0:55:00]} Ng4 {[%clk 1:20:00]} 21. Rxe6+ {[%clk 0:47:00]} fxe6
{[%clk 1:20:00]} 22. Qh5+ {[%clk 0:48:00]} Kd7 {[%clk 1:21:00]} 23. Qf7+ {[%clk
0:48:00]} Qe7 {[%clk 1:19:00]} 24. Qxf3 {[%clk 0:48:00]} Rxh2+ {[%clk 1:20:00]}
25. Kg1 {[%clk 0:48:00]} Rg8 {[%clk 1:18:00]} 26. Qxb7+ {[%clk 0:47:00]} Ke8
{[%clk 1:19:00]} 27. Qc6+ {[%clk 0:46:00]} Qd7 {[%clk 1:19:00]} 28. Qa8+ {[%clk
0:46:00]} Qd8 {[%clk 1:19:00]} 29. Qc6+ {[%clk 0:37:00]} Ke7 {[%clk 1:19:00]} 30.
Nd4 {[%clk 0:37:00]} Qd7 {[%clk 1:15:00]} 31. Qxd7+ {[%clk 0:34:00]} Kxd7 {[%clk
1:15:00]} 32. f3 {[%clk 0:33:00]} Rh3 {[%clk 1:15:00]} 33. Kg2 {[%clk 0:33:00]}
Rh2+ {[%clk 1:14:00]} 34. Kg3 {[%clk 0:33:00]} e5 {[%clk 1:12:00]} 35. fxg4
{[%clk 0:33:00]} exd4 {[%clk 1:12:00]} 36. Kxh2 {[%clk 0:33:00]} dxc3 {[%clk
1:13:00]} 37. Rc1 {[%clk 0:32:00]} Rxg4 {[%clk 1:13:00]} 38. Rxc3 {[%clk
0:33:00]} Kc6 {[%clk 1:13:00]} 39. Ra3 {[%clk 0:32:00]} Kb6 {[%clk 1:13:00]} 40.
Rb3+ {[%clk 0:28:00]} Kc5 {[%clk 1:13:00]} 41. Ra3 {[%clk 0:28:00]} Rxc4 {[%clk
1:13:00]} 42. Rxa6 {[%clk 0:28:00]} Re4 {[%clk 1:13:00]} 43. Ra5+ {[%clk
0:27:00]} Kd4 {[%clk 1:13:00]} 44. a4 {[%clk 0:26:00]} d5 {[%clk 1:13:00]} 45.
Ra8 {[%clk 0:26:00]} Kc3 {[%clk 1:13:00]} 46. Rd8 {[%clk 0:26:00]} d4 {[%clk
1:13:00]} 47. a5 {[%clk 0:26:00]} 1/2-1/2

[Event "Campeonato España Sub 12"]
[Site "Salobreña"]
[Date "2017.07.12"]
[Round "4"]
[White "Villalba Embid, Marcos"]
[Black "Aguado Doncel, Pablo Luis"]
[Result "1/2-1/2"]
[Board "4"]
[WhiteClock "1:30"]
[WhiteElo "1868"]
[WhiteCountry "ESP"]
[WhiteFideId "24505277"]
[WhiteEloChange "-3"]
[BlackClock "1:30"]
[BlackElo "1766"]
[BlackCountry "ESP"]
[BlackFideId "24538256"]
[BlackEloChange "3"]

1. e4 {[%clk 1:30:00]} e5 {[%clk 1:30:00]} 2. Nf3 {[%clk 1:31:00]} Nf6 {[%clk
1:30:00]} 3. d4 {[%clk 1:31:00]} Nxe4 {[%clk 1:30:00]} 4. Bd3 {[%clk 1:31:00]}
Nc6 {[%clk 1:30:00]} 5. dxe5 {[%clk 1:23:00]} Nc5 {[%clk 1:28:00]} 6. Bc4 {[%clk
1:21:00]} d6 {[%clk 1:27:00]} 7. Bf4 {[%clk 1:19:00]} Bg4 {[%clk 1:25:00]} 8.
exd6 {[%clk 1:16:00]} Bxd6 {[%clk 1:26:00]} 9. Bxd6 {[%clk 1:16:00]} Qxd6 {[%clk
1:26:00]} 10. Qxd6 {[%clk 1:16:00]} cxd6 {[%clk 1:26:00]} 11. Nc3 {[%clk
1:15:00]} Bxf3 {[%clk 1:25:00]} 12. gxf3 {[%clk 1:15:00]} a6 {[%clk 1:25:00]} 13.
O-O-O {[%clk 1:15:00]} Ne5 {[%clk 1:18:00]} 14. Bd5 {[%clk 1:13:00]} Rf8 {[%clk
1:11:00]} 15. Ne4 {[%clk 1:12:00]} O-O-O {[%clk 1:09:00]} 16. Rhg1 {[%clk
1:09:00]} Nxe4 {[%clk 1:04:00]} 17. fxe4 {[%clk 1:07:00]} g6 {[%clk 1:04:00]} 18.
Rg3 {[%clk 0:46:00]} f5 {[%clk 1:00:00]} 19. Be6+ {[%clk 0:46:00]} Kb8 {[%clk
0:59:00]} 20. exf5 {[%clk 0:46:00]} gxf5 {[%clk 0:59:00]} 21. Rg7 {[%clk
0:44:00]} Rf6 {[%clk 0:59:00]} 22. Bd5 {[%clk 0:43:00]} Rd7 {[%clk 1:00:00]} 23.
Rxd7 {[%clk 0:41:00]} Nxd7 {[%clk 1:00:00]} 24. Re1 {[%clk 0:35:00]} Ne5 {[%clk
0:59:00]} 25. f4 {[%clk 0:34:00]} Ng6 {[%clk 1:00:00]} 26. Re6 {[%clk 0:30:00]}
Rxe6 {[%clk 1:00:00]} 27. Bxe6 {[%clk 0:30:00]} Nxf4 {[%clk 1:00:00]} 28. Bxf5
{[%clk 0:30:00]} h6 {[%clk 0:59:00]} 29. Kd2 {[%clk 0:29:00]} Kc7 {[%clk
0:54:00]} 30. c4 {[%clk 0:29:00]} b5 {[%clk 0:40:00]} 31. Bd3 {[%clk 0:25:00]}
Nxd3 {[%clk 0:40:00]} 32. Kxd3 {[%clk 0:25:00]} bxc4+ {[%clk 0:41:00]} 33. Kxc4
{[%clk 0:26:00]} Kc6 {[%clk 0:41:00]} 34. h3 {[%clk 0:24:00]} a5 {[%clk 0:36:00]}
35. b3 {[%clk 0:24:00]} d5+ {[%clk 0:35:00]} 36. Kd4 {[%clk 0:24:00]} Kd6 {[%clk
0:35:00]} 37. a3 {[%clk 0:24:00]} Kc6 {[%clk 0:35:00]} 38. b4 {[%clk 0:13:42]}
axb4 {[%clk 0:35:00]} 39. axb4 {[%clk 0:14:04]} Kb5 {[%clk 0:36:00]} 40. Kxd5
{[%clk 0:13:52]} Kxb4 {[%clk 0:36:00]} 41. Ke6 {[%clk 0:14:09]} Kc5 {[%clk
0:36:00]} 1/2-1/2